Science Quiz

Random Science or Astronomy Quiz
Score 0/16 Timer 04:00
2 Plays Today
Constellation Element % Correct
AQU__IUSArgon
91.5%
_RSA MAJORUranium
77.1%
OR_ONIodine
75.8%
LE_Oxygen
72.3%
S__RPIUSCobalt
70.8%
__MINIGermanium
67.8%
CAS__OPEIASilicon
56.9%
CA__S MAJORNickel
56.4%
Constellation Element % Correct
C_GNUSYttrium
52.9%
PIS__SCerium
48.8%
ARI__Einsteinium
44.9%
__URUSTantalum
42.5%
LY__Radium
40.9%
DR__OActinium
39.3%
AQUI__Lanthanum
30%
__RIGAGold
20.1%
Remove Ads.
Support Sporcle.
Get the best of Sporcle when you Go Orange. This ad-free experience offers more features, more stats, and more fun while also helping to support Sporcle. Thank you for becoming a member.

You're not logged in!

Compare scores with friends on all Sporcle quizzes.
OR
Log In

Sporcle TV

Today on Sporcle TV


Watch our educational content, quiz creation guides, and fun videos on Sporcle TV.

Show Comments

Extras

Top Quizzes Today


Score Distribution

Paid Content

Your Account Isn't Verified!

In order to create a playlist on Sporcle, you need to verify the email address you used during registration. Go to your Sporcle Settings to finish the process.

Report this User

Report this user for behavior that violates our Community Guidelines.

Details: